Statistics for Alternate Country Names

Click here to take the quiz!

General Stats

  • This quiz has been taken 152 times
  • The average score is 12 of 15

Answer Stats

Alternate Name Country % Correct
HollandNetherlands
97%
CzechiaCzech Republic
97%
Republic of KoreaSouth Korea
96%
AmericaUnited States
95%
Central African EmpireCentral African Republic
93%
TrinbagoTrinidad and Tobago
92%
Cabo VerdeCape Verde
92%
Timor-LesteEast Timor
92%
BurmaMyanmar
91%
Republic of ChinaTaiwan
88%
Ivory CoastCôte D'ivoire
88%
FYROMMacedonia
80%
MaghrebMorocco
53%
Saint ChristopherSaint Kitts and Nevis
45%
'PinásPhilippines
32%

Score Distribution

Percentile by Number Answered

Percent of People with Each Score

Your Score History

You have not taken this quiz